000 00410nam a2200157Ia 4500
005 20250424063951.0
008 240331s9999 xx 000 0 und d
020 _a301
082 _a301
_bGAN
100 _aGanesalingan, S
245 0 _aKalaiyum samuthayamum :
_bart in society in Tamil
260 _aMadras
_bKumaran Publishers
_c1995
300 _a128 p .,
500 _aArt And Society in tamil
942 _cL
999 _c1009
_d1009